000 02066nam0a2200385 4500
001 RU\NLR\bibl\1787247
005 20260405223348.0
010 _a978-5-7695-8085-7
_91000
021 _aRU
_b2011-43923
_93116
035 _a(NLR Aleph) 001777967
090 _a1679348
_c1679348
100 _a20110711d2011 |||y0rusy50 ca
101 0 _arus
102 _aRU
105 _aa z |||||
200 1 _aВспомогательные исторические дисциплины
_eучебное пособие для студентов учреждений высшего профессионального образования
_e[по направлению подготовки 030600 "История" (квалификация "бакалавр")]
_fН.Г. Абрамова, Т.А. Круглова
205 _a2-е изд., испр.
210 _aМосква
_cАкадемия
_d2011
215 _a366, [1] с.
_cил.
_d22
225 1 _aВысшее профессиональное образование
_iИстория
225 1 _aБакалавриат
225 1 _aУчебное пособие
300 _aНа 4-й с. обл. авт.: Абрамова Н.Г., Круглова Т.А., кандидаты ист. наук, доценты
320 _aБиблиогр.: с. 354-364 и в подстроч. примеч.
606 1 _aВспомогательные исторические дисциплины
_jУчебные издания для высших учебных заведений
_91142435
_3RU\NLR\auth\66136437
686 _aТ2я73
700 1 _4070
_7ca
_8rus
_aАбрамова
_bН. Г.
_cканд. ист. наук
_gНадежда Григорьевна
_984487
_3RU\NLR\auth\77101561
701 1 _4070
_7ca
_8rus
_aКруглова
_bТ. А.
_cканд. ист. наук
_gТатьяна Александровна
_984488
_3RU\NLR\auth\77101562
801 0 _aRU
_bNLR
_c20110711
_gRCR
801 1 _aRU
_bNLR
_c20110711
830 _aавт. по кн.
942 _cBOOK
980 _aNB
980 _aNBR